[Event "Obersteyr-ch"]
[Site "Muerzhofen"]
[Date "2012.01.08"]
[Round "7"]
[White "Baumann, Christian"]
[Black "Wagner, Cornelia"]
[Result "1-0"]
[WhiteElo "1578"]
[BlackElo "1103"]
[PlyCount "89"]
[EventDate "2012.01.04"]
[EventType "swiss"]
[EventRounds "7"]
[EventCountry "AUT"]
[SourceTitle "EXT 2014"]
[Source "ChessBase"]
[SourceDate "2013.11.20"]
[SourceVersion "1"]
[SourceVersionDate "2013.11.20"]
[SourceQuality "1"]

1. d4 d5 2. e4 e6 3. exd5 exd5 4. Bd3 Be7 5. Nf3 Bg4 6. 0-0 h6 7. h3 Bxf3 8. Qxf3 Nf6 9. Bf4 0-0 10. Qg3 Nh5 11. Bxc7 Qd7 12. Qf3 Qxc7 13. Qxh5 Nc6 14. c3 Qf4 15. Qxd5 Rad8 16. Qe4 Qxe4 17. Bxe4 Rfe8 18. Bxc6 bxc6 19. Nd2 Bg5 20. Nf3 Bf4 21. Rfe1 Rxe1+ 22. Rxe1 Rb8 23. b3 g5 24. g3 Bc7 25. Ne5 Bxe5 26. Rxe5 Rb6 27. f4 gxf4 28. gxf4 Ra6 29. a4 Rb6 30. b4 Kg7 31. Kf2 Kf6 32. Kf3 Kg6 33. Rc5 a6 34. a5 Rb7 35. Rxc6+ Kg7 36. Rxa6 Rc7 37. Rb6 Rxc3+ 38. Kg4 f6 39. a6 Kg6 40. f5+ Kh7 41. Rb7+ Kg8 42. Rb8+ Kg7 43. a7 Rc4 44. Rb7+ Kf8 45. a8Q+ 1-0